LEADER 01596nam a2200325 4500 001 000000345057 003 CaOOAMICUS 005 20210610115556.0 008 210324s1992 it 000 u ita r 020 $a88-384-9134-8 040 $aSeMil$bita 100 0 $aIoannes Paulus II,$c.$0(OLS)http://semarc/name/646 245 13$aUn anno con Maria :$bmeditazioni quotidiane dagli «Insegnamenti» e dalla «Redemptoris Mater» /$cGiovanni Paolo 2. 250 $aEd. fuori commercio; 1. Rist. 264 1$aCasale Monferrato (AL) :$bPiemme,$c1992. 300 $a383 p. ;$c17 cm 650 4$aGiovanni Paolo II - Insegnamenti.$0(OLS)http://semarc/subject/19580 650 4$aGiovanni Paolo II - Encicliche . Redemptoris Mater.$0(OLS)http://semarc/subject/28711 650 4$aMaria - Meditazioni.$0(OLS)http://semarc/subject/7299 850 $aSeMil 852 $aSeMil$W1$xVenegono$y1$m2L VII 85$j254925$B236130$CSeMilBibl$Z2$F236130 $81 900 1 $aWojtyla, Karol,$d<1920-2005>. 900 0 $aGiovanni Paolo II$c. 961 $aSistema Bibliotecario Valle dei Mulini - Omaggio 996 $6020$a88-384-9134-8$9(OLS)http://semarc/number/292718 996 $6245$aUn anno con Maria :$bmeditazioni quotidiane dagli «Insegnamenti» e dalla «Redemptoris Mater»$9(OLS)http://semarc/title/434151 996 $6264$aCasale Monferrato (AL) :$bPiemme$9(OLS)http://semarc/publisher/30052 LEADER 01238nam a2200289 i 4500 001 000000069524 003 CaOOAMICUS 005 20051214000000.0 008 051214s1999 it u000 u ita u 013 $a40696 020 $a88-343-0200-1 040 $aSeMil$bita 100 1 $aLadrière, Jean,$d<1921-2007>.$0(OLS)http://semarc/name/5625 240 12$aL'éthique dans l'univers de la rationalité.$0(OLS)http://semarc/title/111310 245 12$aL'etica nell'universo della razionalità /$cJean Ladrière. 260 $aMilano :$bVita e Pensiero,$c1999. 300 $aXXVI, 238 p. ;$c22 cm. 490 0 $aFilosofia morale ;$v5 500 $aContiene : Nota bibliografica. 650 4$aEtica - Studi.$0(OLS)http://semarc/subject/4118 650 4$aMorale - Sec. 20.$0(OLS)http://semarc/subject/9070 830 0$aFilosofia morale ;$v5.$0(OLS)http://semarc/title/572 850 $aSeMil 852 $aSeMil$W1$xVenegono$y1$m2NA K 5$j255291$B35677$CSeMilBibl$Z2$F35680 $81 996 $6020$a88-343-0200-1$9(OLS)http://semarc/number/48080 996 $6245$aL'etica nell'universo della razionalità$9(OLS)http://semarc/title/111309 996 $6260$aMilano :$bVita e Pensiero$9(OLS)http://semarc/publisher/29642